000 00318nam a22001337a 4500
005 20230726150953.0
008 230726b ||||| |||| 00| 0 eng d
040 _cAL
041 _aeng
100 _aDosuza Lourence
_9128478
245 _aKanjare bhat
260 _aBijapur
_bUnesco Learning
_c2004
942 _2ddc
_cBK
999 _c228151
_d228151